The Arab world unbound : tapping into the power of 350 million consumers.
| Main Author: | |
|---|---|
| Format: | Book |
| Published: |
San Francisco:
Jessey-Bass,
2012.
|
| Subjects: |
| LEADER | 00526cam a2200157 7i4500 | ||
|---|---|---|---|
| 001 | 0000029992 | ||
| 005 | 20131203090000.0 | ||
| 020 | 0 | 0 | |a 9781118074510 |
| 090 | 0 | 0 | |a B 330.9174927 |b MAH |
| 100 | 1 | 0 | |a Mahajan |
| 245 | 1 | 4 | |a The Arab world unbound : |b tapping into the power of 350 million consumers. |
| 260 | 0 | 0 | |a San Francisco: |b Jessey-Bass, |c 2012. |
| 300 | # | # | |a 408 p. |
| 650 | 0 | 0 | |a International business enterprises -- |z Arab countries |
| 650 | 0 | 0 | |a Marketing -- |z Arab countries |
| 999 | |a B000033239 |b Book |c Book |e Business Information Centre | ||


